Bienvenue à la E-Bibliothèque de l’UEH

Bénéficiez l'accès à des milliers de ressources en ligne

L’affirmation du fait colonial dans les relations internationales : (notice nᵒ 15419)

détails MARC
000 -LEADER
fixed length control field 02371 a2200361 4500
001 - CONTROL NUMBER
control field OB-pur-163015
003 - CONTROL NUMBER IDENTIFIER
control field FrMaCLE
005 - DATE AND TIME OF LATEST TRANSACTION
control field 20251214082841.0
007 - PHYSICAL DESCRIPTION FIXED FIELD--GENERAL INFORMATION
fixed length control field cu ||||||m||||
008 - FIXED-LENGTH DATA ELEMENTS--GENERAL INFORMATION
fixed length control field 220517e||||||||xx |||||s|||||||||0|fr|d
020 ## - INTERNATIONAL STANDARD BOOK NUMBER
International Standard Book Number 978-2-7535-8739-7
024 7# - OTHER STANDARD IDENTIFIER
Standard number or code 10.4000/books.pur.163015
Source of number or code doi
040 ## - CATALOGING SOURCE
Original cataloging agency FR-FrMaCLE
041 ## - LANGUAGE CODE
Language code of text/sound track or separate title fra
100 1# - MAIN ENTRY--PERSONAL NAME
Personal name De Waele, Michel
245 12 - TITLE STATEMENT
Title L’affirmation du fait colonial dans les relations internationales :
Remainder of title La guerre franco-anglaise de 1627-1629 /
Statement of responsibility, etc. Michel De Waele.
260 ## - PUBLICATION, DISTRIBUTION, ETC.
Place of publication, distribution, etc. Rennes :
Name of publisher, distributor, etc. Presses universitaires de Rennes,
Date of publication, distribution, etc. 2022.
300 ## - PHYSICAL DESCRIPTION
Extent 330 p.
500 ## - GENERAL NOTE
General note Ebook
520 ## - SUMMARY, ETC.
Summary, etc. « Jamais les places prises et détenues en Amérique ne sont-elles devenues l’enjeu central des relations entre États européens, au point qu’elles provoqueraient des disputes et l’interruption des traités entre les royaumes et les États. » Ainsi s’exprime Charles Ier en 1631, faisant référence aux difficiles négociations qui se poursuivent depuis plus de dix mois entre l’Angleterre et la France au sujet des territoires d’Amérique du Nord revendiqués par Louis XIII. La guerre entre les deux royaumes, qui commence en juillet 1627, est surtout connue en raison de la descente effectuée par les troupes du duc de Buckingham sur l’île de Ré et par le cruel siège de La Rochelle qui s’ensuivit. Le conflit ne se limite toutefois pas à ces événements, comme il ne s’explique pas uniquement par le soutien qu’aurait voulu apporter le monarque anglais aux huguenots. Ainsi, ce livre replace les hostilités franco-anglaises dans le contexte plus large de la guerre de Trente Ans et examine comment les questions coloniales retardent pendant plusieurs mois la signature des traités de Saint-Germain-en-Laye qui les concluent officiellement en mars 1632.
540 ## - TERMS GOVERNING USE AND REPRODUCTION NOTE
Terms governing use and reproduction OpenEdition Books License
Uniform Resource Identifier <a href="https://www.openedition.org/12554">https://www.openedition.org/12554</a>
650 #4 - SUBJECT ADDED ENTRY--TOPICAL TERM
Topical term or geographic name entry element History
Topical term or geographic name entry element International Relations
Topical term or geographic name entry element guerre de Trente Ans
Topical term or geographic name entry element France
Topical term or geographic name entry element Angleterre
Topical term or geographic name entry element Nouvelle-France
Topical term or geographic name entry element guerre franco-anglaise
Topical term or geographic name entry element 17th Century
760 0# - MAIN SERIES ENTRY
International Standard Serial Number 2111-496X
776 ## - ADDITIONAL PHYSICAL FORM ENTRY
International Standard Book Number 978-2-7535-8305-4
856 4# - ELECTRONIC LOCATION AND ACCESS
Data provenance De Waele, Michel
Uniform Resource Identifier <a href="https://books.openedition.org/pur/163015">https://books.openedition.org/pur/163015</a>
Link text L’affirmation du fait colonial dans les relations internationales

Pas d'exemplaire disponible.

Bibliothèque universitaire de l'UEH
Portail centralisé donnant accès au catalogue, aux ressources numériques et aux productions scientifiques de l’Université d’État d’Haïti.

Plateformes institutionnelles

  • Dépôt institutionnel UEH
  • Revues scientifiques UEH
  • GED institutionnelle
  • UEH enseignement à distance

Contact

  • Adresse : 21 Rue Rivière, Port-au-Prince
  • Email : bibliotheque@ueh.edu.ht
  • Téléphone : +509 22-45-68-43 / 22-45-68-44
  • Heures : Lundi–Vendredi 8h–16h
© 2026 UEH – E-Bibliothèque de l’Université d’État d’Haïti | À propos | Confidentialité | Conditions | Mentions légales | Accessibilité | Plan du site | Contact